000 01076nam a2200289 i 4500
001 19084
003 ES-MaACL
005 20230906152008.0
007 t|
008 010827s2001 sp ||||0| spa
020 _a84-259-1145-1
080 _a929 Tierno Galván, Enrique (043.2)
080 _a39 Tierno Glaván, Enrique (043.2)
100 1 _aNovella, Jorge.
_986072
245 1 3 _aEl proyecto ilustrado de Enrique Tierno Galván
_b: biografía intelectual y política /
_cJorge Novella Suárez.
260 _aMadrid :
_bCentro de Estudios Políticos y Constitucionales,
_c2001.
300 _a459 p. ;
_c22 cm.
490 1 _aEl derecho y la justicia
502 _aTesis-Universidad de Murcia.
504 _aBibliografía: p. 437-451.
600 0 4 _aTierno Galván, Enrique,
_d1918-1986-
_xCrítica e interpretación
_9110236
710 2 _aCentro de Estudios Políticos y Constitucionales (España)
_92666
710 2 _aUniversidad de Murcia.
_97228
830 1 _aEl derecho y la justicia
_9178339
852 4 _aES-MaACL
_jL-25504
999 _c19084
_d19084